000
00337nam a2200133Ia 4500
008
231129s9999||||xx |||||||||||||| ||spa||
020
_a
958-04-2122-6
040
_b
spa
082
_a
E863 / P438i
100
_a
Perez Galdos Benito
245
0
_a
Misericordia
264
_a
Norma
942
_2
ddc
_c
BKS
999
_c
21281
_d
21281